Wszystkie wsie sąsiadujące z Legnicą - Statystyki

Ogólne statystyki
  • Ten quiz został rozwiązany 92 razy
  • Średni wynik to 6 z 15
Statystyki odpowiedzi
Hint Odpowiedź % Poprawnych
WIEŚ Kunice
77%
WIEŚ Rzeszotary
59%
WIEŚ Nowa Wieś Legnicka
56%
WIEŚ Ziemnice
52%
WIEŚ Bartoszów
48%
WIEŚ Lipce
48%
WIEŚ Koskowice
44%
WIEŚ Ulesie
41%
WIEŚ Pątnów Legnicki
39%
WIEŚ Gniewomierz
27%
WIEŚ Prostynia
22%
WIEŚ Bobrów
20%
WIEŚ Jaszków
20%
WIEŚ Pątnówek
20%
WIEŚ Złotniki
11%
Nie znaleziono quizów pasujących do podanych kryteriów
Rozkład punktacji
Procent ludzi z każdym wynikiem
Percentyl według liczby udzielonych odpowiedzi
Twoja historia wyników
Nie rozwiązałeś tego quizu